00581nam a2200193Ia 4500003000500000008004100005020001800046040001900064082000700083100003000090245005000120260004400170300001000214365000900224546001200233942001600245999001700261952010900278STCL221019s9999 xx 000 0 und d a9780292706705 aSTCLcSTCLbEN 222 a Williams, Raymond leslie 4aThe twentieth- century Spanish American novel bUniversity of Texas pressaAustinc2003 a266 p b4340 aEnglish cBK2DDCe22 c87917d87917 00102DDC4070aSTCALbSTCALcGENd2022-10-19l0o863 WIL-Tp96632r2022-10-19 00:00:00w2022-10-19yBK